书目信息 |
| 题名: |
国际运输与物流
|
|
| 作者: | 王晓东 编著 | |
| 分册: | ||
| 出版信息: | 北京 高等教育出版社 2011 |
|
| 页数: | 323页 | |
| 开本: | 24cm | |
| 丛书名: | ||
| 单 册: | ||
| 中图分类: | U141 , F252 | |
| 科图分类: | ||
| 主题词: | 国际运输--高等学校--教材 , 国际贸易--物流--高等学校--教材 , 国际贸易 , 国际运输 | |
| 电子资源: | ||
| ISBN: | 978-7-04-030950-8 | |
| 000 | 01225nam0 2200301 45 | |
| 001 | 1133567703 | |
| 005 | 20110413093939.87 | |
| 010 | @a978-7-04-030950-8@dCNY29.80 | |
| 100 | @a20110406d2011 em y0chiy50 ea | |
| 101 | @achi | |
| 102 | @aCN@b110000 | |
| 105 | @ay z 000yy | |
| 106 | @ar | |
| 200 | @a国际运输与物流@AGuo Ji Yun Shu Yu Wu Liu@f王晓东编著@FWang Xiao Dong Bian Zhu | |
| 205 | @a2版 | |
| 210 | @a北京@c高等教育出版社@d2011 | |
| 215 | @a323页@d24cm | |
| 300 | @a国际经济与贸易专业主要课程教材 | |
| 330 | @a全书共10章,在概述的基础上,分别从国际物流分布、国际班轮运输、国际租船业务、国际航空运输、国际陆运与多式联运、物流包装、国际仓储管理、国际采购与配送管理、供应链管理与第三方物流服务等方面进行阐述。《国际运输与物流(第2版)》特色鲜明,一方面选材新颖,作者站在物流与供应链管理高度将国际运输与物流管理进行了有机结合;另一方面资料翔实,内容组织形式丰富多彩,并配合以丰富的案例分析,专业性、实践性强。 | |
| 606 | 0 | @a国际运输@x高等学校@j教材 |
| 606 | 0 | @a国际贸易@x物流@x高等学校@j教材 |
| 606 | 0 | @a国际贸易 |
| 606 | 0 | @a国际运输 |
| 690 | @aU141@v4 | |
| 690 | @aF252@v4 | |
| 701 | 0 | @a王晓东@AWang Xiao Dong@4编著 |
| 801 | 0 | @aCN@bTANGWEI@c20110413 |
| 905 | @b0534718-22@dU141@e211=2@f5 | |
| 国际运输与物流/王晓东编著.-2版.-北京:高等教育出版社,2011 |
| 323页;24cm |
| 国际经济与贸易专业主要课程教材 |
| ISBN 978-7-04-030950-8:CNY29.80 |
| 全书共10章,在概述的基础上,分别从国际物流分布、国际班轮运输、国际租船业务、国际航空运输、国际陆运与多式联运、物流包装、国际仓储管理、国际采购与配送管理、供应链管理与第三方物流服务等方面进行阐述。《国际运输与物流(第2版)》特色鲜明,一方面选材新颖,作者站在物流与供应链管理高度将国际运输与物流管理进行了有机结合;另一方面资料翔实,内容组织形式丰富多彩,并配合以丰富的案例分析,专业性、实践性强。 |
| ● |
| 相关链接 |
|
|
|
|
正题名:国际运输与物流
索取号:U141/211=2
 
预约/预借
| 序号 | 登录号 | 条形码 | 馆藏地/架位号 | 状态 | 备注 |
| 1 | 0534718 | 205347187 | 第二样本阅览室/ [索取号:U141/211=2] | 在馆 | |
| 2 | 0534719 | 205347196 | 第三借阅区/ [索取号:U141/211=2] | 在馆 | |
| 3 | 0534720 | 205347203 | 第三借阅区/ [索取号:U141/211=2] | 在馆 | |
| 4 | 0534721 | 205347212 | 第三借阅区/ [索取号:U141/211=2] | 在馆 | |
| 5 | 0534722 | 205347221 | 第三借阅区/ [索取号:U141/211=2] | 在馆 |